| 000 | 00609nam a2200181 i 4500 | ||
|---|---|---|---|
| 001 | 96132 | ||
| 003 | ES-MaACL | ||
| 005 | 20240428063034.0 | ||
| 007 | t| | ||
| 008 | 050610s1903 sp |||| | spa d | ||
| 100 | 1 |
_aDiego-Madrazo, Enrique, _d1850-1942 _9165773 |
|
| 245 | 1 | 4 |
_a¿El pueblo español ha muerto? _b: impresiones sobre el estado actual de la sociedad española / _cEnrique Diego Madrazo. |
| 260 |
_aSantander : _bBlanchard y Arce, _c1903. |
||
| 300 |
_aXVI, 337 p. ; _c21 cm. |
||
| 651 | 4 |
_aEspaña- _xSituación social. _98506 |
|
| 852 |
_aES-MaACL _jD-1163 |
||
| 999 |
_c96132 _d96132 |
||